Normal view
MARC view
- Rhodes.G.
Entry Personal Name
001 - CONTROL NUMBER
- control field: 1432
003 - CONTROL NUMBER IDENTIFIER
- control field: OSt
005 - DATE AND TIME OF LATEST TRANSACTION
- control field: 20161125105601.0
008 - FIXED-LENGTH DATA ELEMENTS
- fixed length control field: 161125|| aca||aabn | a|a d
040 ## - CATALOGING SOURCE
- Original cataloging agency: OSt
100 ## - HEADING--PERSONAL NAME
- Personal name: Rhodes.G.